000 00386nam a2200169Ia 4500
005 20250423100151.0
008 250422s9999 xx 000 0 und d
020 _a9780854900374
050 _aKN 185 .F6/
100 _aFoster, Charles
245 0 _aMedical Law (precedent for lawyers)
260 _aEngland
260 _bWSHP
260 _c2010
300 _a398 p
942 _cBK
999 _c32482
_d32482